=LDR 00000nam 2200000 4500 =001 NUTBA000000000003181 =005 20241018085130 =035 ##$$a 0010-081400000000025 =008 241018################b##########0#ind## =020 ##$$a 978-979-29-2747-4 =040 ##$$a NBPDMAT =082 ##$$a 372.7 =090 ##$$a 372.7 $b Her m =100 ##$$a Heri Sas =245 1#$$a Melejitkan kecerdasan matematika buah hati anda /$c Heri Sas ; editor, Hernita P =260 ##$$a Yogyakarta :$b Andi,$c 2011 =300 ##$$a vi, 63 hlm. : $b ilus. ; $c 29 cm. =650 #4$$a Matematika - SD =700 #$$a Hernita P =850 ##$$a NBPDMAT =084 ##$$a 372.7 HER m =990 ##$$a 21406667 =990 ##$$a 21406668 =990 ##$$a 21406669 =990 ##$$a 21406670 =990 ##$$a 21406671 =990 ##$$a 21406668 =990 ##$$a 21406667 =990 ##$$a 21406669 =990 ##$$a 21406670 =990 ##$$a 21406671